[Event "Clarin op"]
[Site "La Carlota"]
[Date "1995.??.??"]
[Round "6"]
[White "Rodriguez Vila, Andres"]
[Black "Giaccio, Alfredo Gustavo"]
[Result "1/2-1/2"]
[WhiteElo "2435"]
[BlackElo "2390"]
[PlyCount "25"]
[EventDate "1995.??.??"]
[EventType "swiss"]
[EventRounds "9"]
[EventCountry "ARG"]
[SourceTitle "EXT 2002"]
[Source "ChessBase"]
[SourceDate "2001.11.25"]
[SourceVersion "1"]
[SourceVersionDate "2001.11.25"]
[SourceQuality "1"]

1. e4 e6 2. d4 d5 3. Nc3 Bb4 4. e5 c5 5. a3 Bxc3+ 6. bxc3 Nc6 7. Nf3 Qa5 8. Bd2
Qa4 9. dxc5 f6 10. Rb1 fxe5 11. Bb5 Qe4+ 12. Be3 Nf6 13. Rb4 1/2-1/2

[Event "Clarin op"]
[Site "La Carlota"]
[Date "1995.??.??"]
[Round "7"]
[White "Ginzburg, Maximiliano"]
[Black "Rodriguez Vila, Andres"]
[Result "0-1"]
[WhiteElo "2440"]
[BlackElo "2490"]
[PlyCount "52"]
[EventDate "1995.??.??"]
[EventType "swiss"]
[EventRounds "9"]
[EventCountry "ARG"]
[SourceTitle "EXT 1997"]
[Source "ChessBase"]
[SourceDate "1996.11.15"]
[SourceVersion "1"]
[SourceVersionDate "1996.11.15"]
[SourceQuality "1"]

1. e4 c5 2. Nf3 d6 3. d4 cxd4 4. Nxd4 Nf6 5. Nc3 g6 6. Be3 Bg7 7. f3 Nc6 8. Qd2
O-O 9. Bc4 Bd7 10. O-O-O Rc8 11. Bb3 Ne5 12. h4 h5 13. Bg5 Rc5 14. Kb1 b5 15.
g4 hxg4 16. h5 gxh5 17. Nd5 e6 18. Bxf6 Bxf6 19. Qh6 exd5 20. Rxh5 Re8 21. Rdh1
Bg7 22. Qh7+ Kf8 23. f4 Ng6 24. Bxd5 Qf6 25. c3 Nxf4 26. Rf1 Nxd5 0-1

[Event "Clarin op"]
[Site "La Carlota"]
[Date "1995.??.??"]
[Round "8"]
[White "Rodriguez Vila, Andres"]
[Black "Ricardi, Pablo"]
[Result "1/2-1/2"]
[WhiteElo "2490"]
[BlackElo "2545"]
[PlyCount "44"]
[EventDate "1995.??.??"]
[EventType "swiss"]
[EventRounds "9"]
[EventCountry "ARG"]
[SourceTitle "EXT 1997"]
[Source "ChessBase"]
[SourceDate "1996.11.15"]
[SourceVersion "1"]
[SourceVersionDate "1996.11.15"]
[SourceQuality "1"]

1. e4 c5 2. Nf3 e6 3. d3 d5 4. Nbd2 Nc6 5. g3 g6 6. Bg2 Bg7 7. O-O Nge7 8. Re1
Qc7 9. Qe2 b6 10. Nf1 Bb7 11. Bf4 Qd7 12. e5 d4 13. N1d2 Nd5 14. Ne4 Nxf4 15.
gxf4 O-O 16. Nd6 Rad8 17. Nxb7 Qxb7 18. Ng5 Qc7 19. Qg4 Ne7 20. h4 h5 21. Qf3
Bh6 22. Bh3 Bxg5 1/2-1/2

[Event "Clarin op"]
[Site "La Carlota"]
[Date "1995.??.??"]
[Round "9"]
[White "Rodriguez Vila, Andres"]
[Black "Gomez Baillo, Jorge H"]
[Result "1-0"]
[WhiteElo "2490"]
[BlackElo "2420"]
[PlyCount "53"]
[EventDate "1995.??.??"]
[EventType "swiss"]
[EventRounds "9"]
[EventCountry "ARG"]
[SourceTitle "EXT 1997"]
[Source "ChessBase"]
[SourceDate "1996.11.15"]
[SourceVersion "1"]
[SourceVersionDate "1996.11.15"]
[SourceQuality "1"]

1. e4 c6 2. d4 d5 3. e5 Bf5 4. Nf3 e6 5. Be2 c5 6. Be3 Nd7 7. O-O a6 8. Nbd2
Rc8 9. c4 Ne7 10. Rc1 dxc4 11. Nxc4 Nd5 12. Bg5 f6 13. exf6 gxf6 14. Nh4 Bg6
15. Bg4 Kf7 16. Re1 Rc6 17. Qf3 Kg7 18. Bxe6 Rxe6 19. Rxe6 Nc7 20. Rce1 Nxe6
21. Rxe6 fxg5 22. Nxg6 hxg6 23. Qxb7 Rh4 24. Ne5 Rxd4 25. Rxg6+ Kh7 26. Qb3 Nf6
27. Qf7+ 1-0

[Event "Lomas de Zamora op"]
[Site "Lomas de Zamora"]
[Date "1995.??.??"]
[Round "3"]
[White "Madina Yadarola, Martin"]
[Black "Rodriguez Vila, Andres"]
[Result "0-1"]
[WhiteElo "2290"]
[BlackElo "2435"]
[PlyCount "60"]
[EventDate "1995.??.??"]
[EventType "swiss"]
[EventRounds "9"]
[EventCountry "ARG"]
[SourceTitle "EXT 2004"]
[Source "ChessBase"]
[SourceDate "2003.11.25"]
[SourceVersion "1"]
[SourceVersionDate "2003.11.25"]
[SourceQuality "1"]

1. e4 c5 2. Nf3 Nc6 3. Bb5 Na5 4. O-O a6 5. Be2 e6 6. Re1 Qc7 7. d3 b5 8. Bf1
Bb7 9. g3 e5 10. Nc3 d6 11. Nd5 Bxd5 12. exd5 Be7 13. c3 Nf6 14. Nh4 O-O 15.
Nf5 Rfe8 16. Qf3 Bd8 17. g4 Kh8 18. g5 Ng8 19. Ng3 f6 20. h4 Rf8 21. g6 hxg6
22. h5 g5 23. Bh3 f5 24. Bxf5 Nh6 25. Qe4 Nxf5 26. Nxf5 Qf7 27. Nxd6 Qxf2+ 28.
Kh1 Rf3 29. Nf7+ Kg8 30. Nh6+ Kf8 0-1

[Event "Lomas de Zamora op"]
[Site "Lomas de Zamora"]
[Date "1995.??.??"]
[Round "4"]
[White "Rodriguez Vila, Andres"]
[Black "Ricardi, Pablo"]
[Result "1/2-1/2"]
[WhiteElo "2435"]
[BlackElo "2530"]
[PlyCount "43"]
[EventDate "1995.??.??"]
[EventType "swiss"]
[EventRounds "9"]
[EventCountry "ARG"]
[SourceTitle "EXT 2004"]
[Source "ChessBase"]
[SourceDate "2003.11.25"]
[SourceVersion "1"]
[SourceVersionDate "2003.11.25"]
[SourceQuality "1"]

1. e4 c5 2. Nc3 e6 3. Nf3 Nc6 4. d4 cxd4 5. Nxd4 Nf6 6. Ndb5 Bb4 7. a3 Bxc3+ 8.
Nxc3 d5 9. exd5 exd5 10. Bd3 O-O 11. O-O d4 12. Ne4 Bf5 13. Bg5 Bxe4 14. Bxe4
h6 15. Bh4 g5 16. Bxc6 bxc6 17. Bg3 Qd5 18. Re1 Rfe8 19. Qd3 Ne4 20. Rad1 c5
21. c3 Rad8 22. Bc7 1/2-1/2

[Event "Lomas de Zamora op"]
[Site "Lomas de Zamora"]
[Date "1995.??.??"]
[Round "7"]
[White "Saldano Dayer, Horacio"]
[Black "Rodriguez Vila, Andres"]
[Result "0-1"]
[WhiteElo "2325"]
[BlackElo "2435"]
[PlyCount "78"]
[EventDate "1995.??.??"]
[EventType "swiss"]
[EventRounds "9"]
[EventCountry "ARG"]
[SourceTitle "EXT 2004"]
[Source "ChessBase"]
[SourceDate "2003.11.25"]
[SourceVersion "1"]
[SourceVersionDate "2003.11.25"]
[SourceQuality "1"]

1. d4 e6 2. c4 Nf6 3. Nc3 Bb4 4. e3 b6 5. Nge2 Ba6 6. Ng3 O-O 7. e4 d6 8. Bd2
c5 9. d5 exd5 10. cxd5 Bxf1 11. Kxf1 Re8 12. f3 Nbd7 13. a3 Bxc3 14. Bxc3 b5
15. Kf2 a5 16. Re1 b4 17. axb4 axb4 18. Rxa8 Qxa8 19. Bxf6 Nxf6 20. Qd2 Qd8 21.
Kg1 Nd7 22. f4 Qf6 23. h3 g6 24. Rf1 Qg7 25. Re1 h5 26. Nh1 Ra8 27. Nf2 Ra2 28.
Re2 h4 29. Ng4 Ra1+ 30. Kh2 f5 31. Nf2 Ne5 32. Qe3 Nc4 33. Qf3 Qd4 34. exf5
gxf5 35. Re8+ Kg7 36. g3 Nd2 37. Qe2 Nf1+ 38. Kg2 Qxd5+ 39. Ne4 Nxg3 0-1

[Event "Trelew Clarin-GP"]
[Site "Trelew"]
[Date "1995.??.??"]
[Round "1"]
[White "Gamboa, Juan Pablo"]
[Black "Rodriguez Vila, Andres"]
[Result "1-0"]
[WhiteElo "2195"]
[BlackElo "2490"]
[PlyCount "64"]
[EventDate "1995.??.??"]
[EventType "swiss"]
[EventRounds "9"]
[EventCountry "ARG"]
[SourceTitle "EXT 1997"]
[Source "ChessBase"]
[SourceDate "1996.11.15"]
[SourceVersion "1"]
[SourceVersionDate "1996.11.15"]
[SourceQuality "1"]

1. c4 f5 2. g3 Nf6 3. Bg2 g6 4. Nc3 Bg7 5. e4 fxe4 6. Nxe4 Nxe4 7. Bxe4 Nc6 8.
Ne2 d6 9. Nf4 e5 10. Nd5 Nd4 11. d3 c6 12. Ne3 Bh3 13. Bg2 Bxg2 14. Nxg2 O-O
15. O-O Nf3+ 16. Kh1 g5 17. Ne1 g4 18. Nxf3 gxf3 19. Re1 d5 20. cxd5 cxd5 21.
Re3 Qf6 22. Bd2 Qf5 23. Qb3 Rad8 24. g4 Qg5 25. Rg1 Kh8 26. Qxb7 d4 27. Re2 Qh4
28. Re4 Qxf2 29. Be1 Qc2 30. Bg3 f2 31. Rf1 Qxd3 32. Rxf2 Rxf2 1-0

[Event "Trelew Clarin-GP"]
[Site "Trelew"]
[Date "1995.??.??"]
[Round "2"]
[White "Rodriguez Vila, Andres"]
[Black "Rosito, Jorge"]
[Result "1-0"]
[WhiteElo "2490"]
[BlackElo "2340"]
[PlyCount "63"]
[EventDate "1995.??.??"]
[EventType "swiss"]
[EventRounds "9"]
[EventCountry "ARG"]
[SourceTitle "EXT 1997"]
[Source "ChessBase"]
[SourceDate "1996.11.15"]
[SourceVersion "1"]
[SourceVersionDate "1996.11.15"]
[SourceQuality "1"]

1. e4 e5 2. Nf3 Nc6 3. Bb5 a6 4. Ba4 Nf6 5. d3 d6 6. c3 g6 7. Nbd2 Bg7 8. h3
O-O 9. Nf1 b5 10. Bc2 d5 11. Qe2 Bb7 12. Ng3 Re8 13. Nh2 h5 14. Bg5 Qd6 15. O-O
Nh7 16. Bd2 Nd8 17. Nf3 Ne6 18. Rfe1 d4 19. Qf1 c5 20. Rad1 Rad8 21. a3 Bf6 22.
Ne2 Kh8 23. b4 dxc3 24. Bxc3 Nd4 25. Nexd4 cxd4 26. Bd2 Bc8 27. Rc1 Rg8 28. Bb3
Be6 29. Bd1 g5 30. Nh2 g4 31. hxg4 hxg4 32. Kh1 1-0

[Event "Trelew Clarin-GP"]
[Site "Trelew"]
[Date "1995.??.??"]
[Round "3"]
[White "Quinteros, Miguel Angel"]
[Black "Rodriguez Vila, Andres"]
[Result "1/2-1/2"]
[WhiteElo "2520"]
[BlackElo "2490"]
[PlyCount "70"]
[EventDate "1995.??.??"]
[EventType "swiss"]
[EventRounds "9"]
[EventCountry "ARG"]
[SourceTitle "EXT 1997"]
[Source "ChessBase"]
[SourceDate "1996.11.15"]
[SourceVersion "1"]
[SourceVersionDate "1996.11.15"]
[SourceQuality "1"]

1. d4 f5 2. g3 Nf6 3. Bg2 g6 4. Nc3 Bg7 5. Bg5 O-O 6. Qd2 Nc6 7. Rd1 d6 8. Bh6
Bxh6 9. Qxh6 e5 10. dxe5 Nxe5 11. Nf3 Qe7 12. O-O c6 13. Qf4 Nxf3+ 14. exf3 d5
15. Rfe1 Qg7 16. Qd6 Rf7 17. Ne2 Qf8 18. Qe5 Bd7 19. Nf4 Qc5 20. c3 Re8 21. Qd4
Qa5 22. a3 Qb6 23. Nd3 Qxd4 24. cxd4 Rxe1+ 25. Rxe1 Ne8 26. f4 Nd6 27. Ne5 Re7
28. Bf1 Kg7 29. Bd3 Kf6 30. Rc1 Bc8 31. f3 Rc7 32. Kf2 b6 33. b4 Nb7 34. Ba6
Nd8 35. Be2 h6 1/2-1/2

[Event "Trelew Clarin-GP"]
[Site "Trelew"]
[Date "1995.??.??"]
[Round "5"]
[White "Llanos, Guillermo"]
[Black "Rodriguez Vila, Andres"]
[Result "1-0"]
[WhiteElo "2405"]
[BlackElo "2490"]
[PlyCount "42"]
[EventDate "1995.??.??"]
[EventType "swiss"]
[EventRounds "9"]
[EventCountry "ARG"]
[SourceTitle "EXT 1997"]
[Source "ChessBase"]
[SourceDate "1996.11.15"]
[SourceVersion "1"]
[SourceVersionDate "1996.11.15"]
[SourceQuality "1"]

1. d4 f5 2. c4 Nf6 3. Nc3 g6 4. g3 Bg7 5. Bg2 O-O 6. Nh3 Nc6 7. O-O d6 8. d5
Ne5 9. b3 Ne4 10. Nxe4 fxe4 11. Rb1 Bf5 12. Ng5 Nf3+ 13. exf3 exf3 14. Bxf3
Bxb1 15. Ne6 Qd7 16. Nxg7 Kxg7 17. Bb2+ Kh6 18. Qd4 e5 19. dxe6 Qe7 20. Qe3+ g5
21. Bg7+ Kxg7 1-0

[Event "Trelew Clarin-GP"]
[Site "Trelew"]
[Date "1995.??.??"]
[Round "6"]
[White "Rodriguez Vila, Andres"]
[Black "Iglesias, Jorge"]
[Result "1-0"]
[WhiteElo "2490"]
[BlackElo "2300"]
[PlyCount "83"]
[EventDate "1995.??.??"]
[EventType "swiss"]
[EventRounds "9"]
[EventCountry "ARG"]
[SourceTitle "EXT 1997"]
[Source "ChessBase"]
[SourceDate "1996.11.15"]
[SourceVersion "1"]
[SourceVersionDate "1996.11.15"]
[SourceQuality "1"]

1. e4 c6 2. d4 d5 3. Nd2 dxe4 4. Nxe4 Nd7 5. Nf3 Ngf6 6. Ng3 c5 7. dxc5 e6 8.
c6 bxc6 9. Be2 Be7 10. c4 O-O 11. O-O c5 12. b3 Bb7 13. Bb2 Qc7 14. Qc2 Rfd8
15. Rad1 Nf8 16. Ne5 Ng6 17. Nxg6 hxg6 18. a3 Qf4 19. Qc3 Rxd1 20. Rxd1 Rd8 21.
Rxd8+ Bxd8 22. b4 Be7 23. b5 Bf8 24. Qe3 Qxe3 25. fxe3 Nd7 26. a4 Bd6 27. a5
Be5 28. Ba3 Bc7 29. a6 Ba8 30. Bf3 Bxf3 31. gxf3 Bxg3 32. hxg3 f5 33. Kf2 Kf7
34. f4 Ke8 35. Ke2 Kd8 36. Bb2 Kc7 37. Bxg7 Kb6 38. Kd3 Ka5 39. Kc3 Kb6 40. Be5
Nf8 41. Bd6 Nd7 42. Kb3 1-0

[Event "Trelew Clarin-GP"]
[Site "Trelew"]
[Date "1995.??.??"]
[Round "8"]
[White "Rodriguez Vila, Andres"]
[Black "Amura, Claudia Noemi"]
[Result "1/2-1/2"]
[WhiteElo "2490"]
[BlackElo "2330"]
[PlyCount "77"]
[EventDate "1995.??.??"]
[EventType "swiss"]
[EventRounds "9"]
[EventCountry "ARG"]
[SourceTitle "EXT 1997"]
[Source "ChessBase"]
[SourceDate "1996.11.15"]
[SourceVersion "1"]
[SourceVersionDate "1996.11.15"]
[SourceQuality "1"]

1. e4 e5 2. Nc3 d6 3. Nf3 Nf6 4. d4 Nbd7 5. Bc4 Be7 6. O-O O-O 7. a4 a5 8. Qe2
b6 9. Rd1 Qe8 10. Bb5 Bd8 11. dxe5 dxe5 12. Nd5 h6 13. Nxf6+ Bxf6 14. Bc6 Rb8
15. Bxh6 Qe6 16. Bd5 Qe7 17. Be3 Nc5 18. Nd2 Bd7 19. b3 Ne6 20. Nf3 Rfe8 21.
Re1 g5 22. h3 Nf4 23. Bxf4 gxf4 24. Nh2 Kg7 25. Rad1 Rh8 26. Rd3 Rbg8 27. Red1
Bc8 28. Bc6 Kf8 29. Bd7 Ba6 30. c4 Bb7 31. Ng4 Kg7 32. Bf5 Bc6 33. Bd7 Bb7 34.
Bf5 Bc6 35. R1d2 Qc5 36. Qd1 Bg5 37. Qf3 Qa3 38. Rd1 Bf6 39. Qe2 1/2-1/2

[Event "Trelew Clarin-GP"]
[Site "Trelew"]
[Date "1995.??.??"]
[Round "9"]
[White "Monier, Raul"]
[Black "Rodriguez Vila, Andres"]
[Result "1/2-1/2"]
[WhiteElo "2405"]
[BlackElo "2490"]
[PlyCount "20"]
[EventDate "1995.??.??"]
[EventType "swiss"]
[EventRounds "9"]
[EventCountry "ARG"]
[SourceTitle "EXT 1997"]
[Source "ChessBase"]
[SourceDate "1996.11.15"]
[SourceVersion "1"]
[SourceVersionDate "1996.11.15"]
[SourceQuality "1"]

1. e4 c6 2. c4 e5 3. Nf3 d6 4. d4 Nd7 5. Nc3 exd4 6. Nxd4 g6 7. Be2 Ngf6 8. O-O
Bg7 9. Be3 O-O 10. Qd2 Nc5 1/2-1/2

[Event "Villa Ballester MAG"]
[Site "Villa Ballester"]
[Date "1995.??.??"]
[Round "?"]
[White "Dolezal, Cristian"]
[Black "Rodriguez Vila, Andres"]
[Result "0-1"]
[WhiteElo "2290"]
[BlackElo "2435"]
[PlyCount "66"]
[EventDate "1995.??.??"]
[EventType "tourn"]
[EventRounds "11"]
[EventCountry "ARG"]
[EventCategory "4"]
[SourceTitle "EXT 2002"]
[Source "ChessBase"]
[SourceDate "2001.11.25"]
[SourceVersion "1"]
[SourceVersionDate "2001.11.25"]
[SourceQuality "1"]

1. e4 c5 2. Nf3 Nc6 3. Nc3 g6 4. d4 cxd4 5. Nxd4 Bg7 6. Be3 Nf6 7. Be2 O-O 8.
Nb3 a5 9. a4 d6 10. g4 Be6 11. g5 Nd7 12. h4 Bxb3 13. cxb3 Nc5 14. h5 e6 15.
hxg6 hxg6 16. f3 Qe7 17. Kf2 Rfd8 18. Rh4 Nb4 19. Bc4 Rac8 20. Qh1 Nc2 21. Rh7
Qf8 22. Rg1 Nxe3 23. Kxe3 d5 24. Qh4 Nxe4 25. Nxe4 dxe4 26. Rh1 Qc5+ 27. Ke2
exf3+ 28. Kxf3 Qf5+ 29. Ke2 Qc2+ 30. Ke3 Qd2+ 31. Kf3 Rd3+ 32. Bxd3 Qxd3+ 33.
Kg4 Qe4+ 0-1

[Event "Villa Ballester MAG"]
[Site "Villa Ballester"]
[Date "1995.??.??"]
[Round "?"]
[White "Izquierdo, Daniel"]
[Black "Rodriguez Vila, Andres"]
[Result "0-1"]
[WhiteElo "2320"]
[BlackElo "2435"]
[PlyCount "80"]
[EventDate "1995.??.??"]
[EventType "tourn"]
[EventRounds "11"]
[EventCountry "ARG"]
[EventCategory "4"]
[SourceTitle "EXT 2002"]
[Source "ChessBase"]
[SourceDate "2001.11.25"]
[SourceVersion "1"]
[SourceVersionDate "2001.11.25"]
[SourceQuality "1"]

1. Nf3 f5 2. d4 Nf6 3. g3 g6 4. Bg2 Bg7 5. O-O O-O 6. c4 d6 7. Nc3 c6 8. d5 e5
9. dxe6 Bxe6 10. Bf4 Bxc4 11. Bxd6 Re8 12. Ne5 Be6 13. Qd2 Nbd7 14. Nxd7 Qxd7
15. Rfd1 Qf7 16. Qc2 g5 17. e3 Ng4 18. b3 Qh5 19. h3 Ne5 20. Bxe5 Bxe5 21. f4
Bf6 22. Rd6 Qg6 23. Kh2 Be7 24. Rd3 Kh8 25. Ne2 Rg8 26. Nd4 Bf6 27. Rf1 Rae8
28. Nxe6 Rxe6 29. Qf2 h5 30. fxg5 Qxg5 31. Qf4 Be5 32. Qxg5 Rxg5 33. Rd8+ Kg7
34. Rd7+ Kg6 35. Rxb7 Bxg3+ 36. Kh1 Rxe3 37. Rxa7 Re2 38. Ra6 Be5 39. Rxc6+ Kh7
40. Rg1 Rg3 0-1

[Event "Villa Ballester MAG"]
[Site "Villa Ballester"]
[Date "1995.??.??"]
[Round "?"]
[White "Rodriguez Vila, Andres"]
[Black "Mendez Ataria, Ernesto"]
[Result "0-1"]
[WhiteElo "2435"]
[BlackElo "2395"]
[PlyCount "96"]
[EventDate "1995.??.??"]
[EventType "tourn"]
[EventRounds "11"]
[EventCountry "ARG"]
[EventCategory "4"]
[SourceTitle "EXT 2002"]
[Source "ChessBase"]
[SourceDate "2001.11.25"]
[SourceVersion "1"]
[SourceVersionDate "2001.11.25"]
[SourceQuality "1"]

1. e4 c5 2. Nf3 Nc6 3. d4 cxd4 4. Nxd4 Nf6 5. Nc3 d6 6. Be3 e5 7. Nf3 Be7 8. h3
O-O 9. Be2 a6 10. g4 Be6 11. Ng5 d5 12. Nxe6 fxe6 13. g5 d4 14. gxf6 Bxf6 15.
Bc1 Qa5 16. Qd2 dxc3 17. Qxc3 Qb6 18. Be3 Nd4 19. Bxd4 exd4 20. Qb3 Qa5+ 21.
Kf1 Qe5 22. f3 Bh4 23. Rg1 Qh2 24. Rg2 Qh1+ 25. Rg1 Qxh3+ 26. Rg2 Rf6 27. Kg1
Rg6 28. Rxg6 hxg6 29. Bf1 Qg3+ 30. Bg2 Re8 31. Rf1 Qf4 32. Bh3 Qg3+ 33. Bg2 Qf4
34. Bh3 Qe5 35. Qxb7 Qg3+ 36. Bg2 Bg5 37. f4 Bxf4 38. Rf3 Qe1+ 39. Bf1 Qh4 40.
Bg2 Qe1+ 41. Bf1 Rf8 42. Kh1 Qd2 43. Rh3 Bd6 44. Qxa6 Qe1 45. Kg1 d3 46. Qxd3
Bc5+ 47. Kh2 Qf2+ 48. Bg2 Qg1+ 0-1

[Event "Villa Ballester MAG"]
[Site "Villa Ballester"]
[Date "1995.??.??"]
[Round "?"]
[White "Rodriguez Vila, Andres"]
[Black "Quiroga, Facundo"]
[Result "1-0"]
[WhiteElo "2435"]
[BlackElo "2440"]
[PlyCount "81"]
[EventDate "1995.??.??"]
[EventType "tourn"]
[EventRounds "11"]
[EventCountry "ARG"]
[EventCategory "4"]
[SourceTitle "EXT 2002"]
[Source "ChessBase"]
[SourceDate "2001.11.25"]
[SourceVersion "1"]
[SourceVersionDate "2001.11.25"]
[SourceQuality "1"]

1. e4 c5 2. Nf3 d6 3. d4 cxd4 4. Nxd4 Nf6 5. Nc3 a6 6. g3 e6 7. Bg2 Qc7 8. O-O
Nc6 9. Re1 Be7 10. Nxc6 bxc6 11. e5 dxe5 12. Rxe5 O-O 13. Bf4 Qb7 14. Re1 Nd5
15. Be5 Rd8 16. Qe2 f6 17. Nxd5 cxd5 18. Bd4 e5 19. c4 Bf8 20. Bc3 Be6 21. Ba5
Rd7 22. Red1 e4 23. cxd5 Bxd5 24. Bxe4 Bxe4 25. Rxd7 Qxd7 26. Qxe4 Rc8 27. Re1
Rc6 28. Bc3 h6 29. a4 Kf7 30. Qf3 Re6 31. Rxe6 Qxe6 32. h4 Qc4 33. a5 Be7 34.
Qb7 Kf8 35. Bd2 Qa4 36. Kg2 Qc4 37. b3 Qd3 38. Bb4 Bxb4 39. Qxb4+ Ke8 40. Qc4
Qd6 41. Qg8+ 1-0

[Event "Villa Ballester MAG"]
[Site "Villa Ballester"]
[Date "1995.??.??"]
[Round "?"]
[White "Rodriguez Vila, Andres"]
[Black "Roselli Mailhe, Bernardo"]
[Result "0-1"]
[WhiteElo "2435"]
[BlackElo "2425"]
[PlyCount "100"]
[EventDate "1995.??.??"]
[EventType "tourn"]
[EventRounds "11"]
[EventCountry "ARG"]
[EventCategory "4"]
[SourceTitle "EXT 2002"]
[Source "ChessBase"]
[SourceDate "2001.11.25"]
[SourceVersion "1"]
[SourceVersionDate "2001.11.25"]
[SourceQuality "1"]

1. e4 c5 2. Nf3 Nc6 3. d4 cxd4 4. Nxd4 Nf6 5. Nc3 d6 6. Be3 Ng4 7. Bb5 Nxe3 8.
fxe3 Bd7 9. O-O e6 10. Bxc6 bxc6 11. e5 d5 12. Qf3 Qe7 13. b4 g6 14. b5 c5 15.
e4 Bg7 16. exd5 O-O 17. d6 Qh4 18. Nc6 Bxc6 19. bxc6 Bxe5 20. g3 Qd4+ 21. Kh1
Qxc3 22. Qxc3 Bxc3 23. Rab1 Rac8 24. c7 Be5 25. Rfd1 Bxd6 26. Rxd6 Rxc7 27. c4
h5 28. Rb5 Kg7 29. Kg2 Kf6 30. Kf3 Ke5 31. Rd3 g5 32. Rb1 g4+ 33. Ke3 Rc6 34.
Rb7 Ra6 35. Rc7 Ra5 36. a3 f5 37. Rh7 Ra4 38. Rc3 Rd8 39. Rc7 Ra5 40. Rh7 Rd4
41. Rxh5 Ra4 42. Rh7 Rdxc4 43. Rxc4 Rxc4 44. Rxa7 Rc3+ 45. Kd2 Rf3 46. a4 Rf2+
47. Kc3 Rxh2 48. a5 Rg2 49. a6 Rxg3+ 50. Kb2 Rd3 0-1

[Event "Villa Ballester MAG"]
[Site "Villa Ballester"]
[Date "1995.??.??"]
[Round "?"]
[White "Rodriguez Vila, Andres"]
[Black "Scarella, Enrique Alejandro"]
[Result "1-0"]
[WhiteElo "2435"]
[BlackElo "2380"]
[PlyCount "69"]
[EventDate "1995.??.??"]
[EventType "tourn"]
[EventRounds "11"]
[EventCountry "ARG"]
[EventCategory "4"]
[SourceTitle "EXT 2002"]
[Source "ChessBase"]
[SourceDate "2001.11.25"]
[SourceVersion "1"]
[SourceVersionDate "2001.11.25"]
[SourceQuality "1"]

1. e4 c5 2. Nc3 Nc6 3. Nge2 g6 4. d4 cxd4 5. Nxd4 Bg7 6. Nde2 d6 7. g3 Bg4 8.
Bg2 Nd4 9. O-O Nxe2+ 10. Nxe2 Qc8 11. Re1 Nf6 12. a4 O-O 13. c3 Rd8 14. Qd3 Nd7
15. Nd4 Nc5 16. Qe3 e5 17. Nc2 a5 18. c4 Bd7 19. b3 Bc6 20. f3 f5 21. Na3 fxe4
22. fxe4 b6 23. Nb5 Qb7 24. Ba3 Rd7 25. Rad1 Rad8 26. Bh3 Nxe4 27. Be6+ Kh8 28.
Bxd7 Rxd7 29. Nxd6 Rxd6 30. Bxd6 Bf6 31. Qh6 Qc8 32. Rf1 Qe8 33. Bxe5 Qe7 34.
Rxf6 Nxf6 35. Qf4 1-0

[Event "Villa Ballester MAG"]
[Site "Villa Ballester"]
[Date "1995.??.??"]
[Round "?"]
[White "Rodriguez Vila, Andres"]
[Black "Schweber, Samuel"]
[Result "1-0"]
[WhiteElo "2435"]
[BlackElo "2345"]
[PlyCount "145"]
[EventDate "1995.??.??"]
[EventType "tourn"]
[EventRounds "11"]
[EventCountry "ARG"]
[EventCategory "4"]
[SourceTitle "EXT 2002"]
[Source "ChessBase"]
[SourceDate "2001.11.25"]
[SourceVersion "1"]
[SourceVersionDate "2001.11.25"]
[SourceQuality "1"]

1. e4 e6 2. d4 c5 3. Nf3 cxd4 4. Nxd4 Nc6 5. Nc3 a6 6. g3 Nge7 7. Nb3 d6 8. Bg2
Qc7 9. a4 b6 10. O-O Bb7 11. f4 g6 12. Be3 Bg7 13. Qd2 f5 14. Qf2 Nc8 15. g4
fxg4 16. Qh4 N8e7 17. Qxg4 Bc8 18. Rad1 O-O 19. Qe2 Rb8 20. Qc4 Rb7 21. Qxa6
Nb4 22. Qe2 Bxc3 23. bxc3 Qxc3 24. Na1 d5 25. Bd4 Qc7 26. Be5 Qc5+ 27. Rf2 Nbc6
28. Nb3 Qb4 29. exd5 exd5 30. Rxd5 Rd7 31. Rb5 Qxa4 32. Bb2 Rd1+ 33. Qxd1 Qxb5
34. Qd6 Bf5 35. Bf1 Qd5 36. Qc7 Qd1 37. Qxb6 Bh3 38. Qe3 Bxf1 39. Rxf1 Qxc2 40.
Ba1 Qc4 41. Nd2 Qd5 42. Qc3 Kf7 43. Re1 Ke8 44. Ne4 Qe6 45. Qg3 Rf5 46. Qh4 Kd8
47. Ng5 Qc4 48. Ne6+ Kd7 49. Qxh7 Qxe6 50. Rxe6 Kxe6 51. Qh4 Kf7 52. Kg2 Ke6
53. Qe1+ Kf7 54. Qc1 Ke6 55. Kf3 Kf7 56. Qc4+ Ke8 57. h4 Rh5 58. Qe6 Nd8 59.
Qe4 Ndc6 60. Kg4 Rf5 61. Qe6 Rb5 62. Bf6 Rf5 63. Bg5 Rb5 64. h5 gxh5+ 65. Kxh5
Rd5 66. Kg4 Rf5 67. Kg3 Rd5 68. Kg4 Rf5 69. Kh5 Kd8 70. Kh4 Ke8 71. Kg4 Kd8 72.
Bxe7+ Nxe7 73. Qxf5 1-0

[Event "Villa Ballester MAG"]
[Site "Villa Ballester"]
[Date "1995.??.??"]
[Round "?"]
[White "Rodriguez Vila, Andres"]
[Black "Sifres, Pablo"]
[Result "1-0"]
[WhiteElo "2435"]
[BlackElo "2235"]
[PlyCount "57"]
[EventDate "1995.??.??"]
[EventType "tourn"]
[EventRounds "11"]
[EventCountry "ARG"]
[EventCategory "4"]
[SourceTitle "EXT 2002"]
[Source "ChessBase"]
[SourceDate "2001.11.25"]
[SourceVersion "1"]
[SourceVersionDate "2001.11.25"]
[SourceQuality "1"]

1. e4 c5 2. Nf3 Nc6 3. d4 cxd4 4. Nxd4 Nf6 5. Nc3 d6 6. g3 e5 7. Nde2 Bg4 8.
Bg2 Nd4 9. O-O Rc8 10. f3 Nxe2+ 11. Qxe2 Be6 12. Rd1 Bc4 13. Qf2 Be7 14. Qxa7
Ba6 15. Qf2 h6 16. Be3 O-O 17. Rd2 Ne8 18. Nd5 Bg5 19. Bb6 Qd7 20. f4 exf4 21.
gxf4 Bd8 22. Qe3 Bc4 23. Bh3 f5 24. Bxf5 Rxf5 25. exf5 Bxd5 26. Rxd5 Nf6 27.
Rd2 Bxb6 28. Qxb6 d5 29. Qe6+ 1-0